00537 2200205 4500001002100000005001500021035002000036008004100056245006200097100001400159250000600173260003800179300001200217084001400229082000800243650001000251520004600261990001200307990001200319INLIS00000000000130120240521095645 a0010-0524000536240521 1 ind 1 aBouteille ( Ku Tuliskan Harapan dan Cintaku ) /cAiu Ahra aAhra, Aiu a1 aYogyakarta :bSheila/ Andi,c2014 a182 hlm a813 AIU b a813 4aFiksi aBouteille, Kutuliskan Harapan dan Cintaku a0741444 a0741445